000 00360 a2200169 4500
001 46722
020 _a9788506061930
040 _cAnchieta - Aquarius
100 _aAmaral, Tarsilinha do
240 1 0 _aTarsilinha
_lpor
245 1 0 _aTarsilinha
300 _a
362 0 _a2014
440 1 _aMelhoramentos
650 4 _aLiteratura infantil
942 _cBK
999 _c46722
_d46722